| 000 | 00675nam a2200253Ia 4500 | ||
|---|---|---|---|
| 008 | 160803s9999 xx 000 0 und d | ||
| 020 | _a9780439202220 | ||
| 100 | _aJewell, Nancy | ||
| 245 | _aFive little kittens / | ||
| 245 | _cby Nancy Jewell ; pictures by Elizabeth Sayles. | ||
| 260 | _aNew York : | ||
| 260 | _bScholastic Inc. | ||
| 260 | _c1999 | ||
| 300 | _a30 pages : | ||
| 300 | _bcolor illustrations ; | ||
| 300 | _c19 cm | ||
| 500 | _aReprint: Originally published: New York : Clarion Books, ©1999. | ||
| 650 | _aCats -- | ||
| 650 | _aDay -- | ||
| 650 | _aStories in rhyme. | ||
| 650 | _xFiction. | ||
| 650 | _xFiction. | ||
| 700 | _a970 | ||
| 999 |
_c299671 _d299671 |
||